Central Library OPAC University of Rajshahi

Eminent Nigerians of the nineteenth century : (Record no. 27337)

MARC details
000 -LEADER
fixed length control field 00842cam a22002531 4500
001 - CONTROL NUMBER
control field 27337
003 - CONTROL NUMBER IDENTIFIER
rucl marc code BD-RjUL
005 - DATE AND TIME OF LATEST TRANSACTION
control field 20211209051136.0
008 - FIXED-LENGTH DATA ELEMENTS--GENERAL INFORMATION
fixed length control field 140325s1960 enk 000 0ceng
035 ## - SYSTEM CONTROL NUMBER
System control number (BD-RjUL)27410
System control number (OCoLC)1091149
040 ## - CATALOGING SOURCE
Original cataloging agency DLC
Transcribing agency OClU
Modifying agency OCoLC
-- Uk
-- DLC
-- BD-RjUL
Language of cataloging eng
041 ## - LANGUAGE CODE
Language code of text/sound track or separate title eng
082 ## - DEWEY DECIMAL CLASSIFICATION NUMBER
Classification number 920.0669
Author mark and year EMI 1960
110 2# - MAIN ENTRY--CORPORATE NAME
Corporate name or jurisdiction name as entry element Nigerian Broadcasting Corporation.
9 (RLIN) 83951
245 10 - TITLE STATEMENT
Title Eminent Nigerians of the nineteenth century :
Remainder of title a series of studies originally broadcast by the Nigerian Broadcasting Corporation /
Statement of responsibility, etc. by Nigerian Broadcasting Corporation.
260 ## - PUBLICATION, DISTRIBUTION, ETC. (IMPRINT)
Place of publication, distribution, etc. Cambridge :
Name of publisher, distributor, etc. University Press,
Date of publication, distribution, etc. c1960.
300 ## - PHYSICAL DESCRIPTION
Pagination 97 p. ;
Size 19 cm.
651 #0 - SUBJECT ADDED ENTRY--GEOGRAPHIC NAME
Geographic name Nigeria
Form subdivision Biography.
9 (RLIN) 83950
Geographic name Nigeria
General subdivision History.
9 (RLIN) 83507
942 ## - ADDED ENTRY ELEMENTS (KOHA)
Source of classification or shelving scheme Dewey Decimal Classification
Koha item type Books
Holdings
Lost status Source of classification or shelving scheme Damaged status Not for loan Collection code Permanent Location Current Location Shelving location Date acquired Source of acquisition Cost, normal purchase price Total Checkouts Full call number Date last seen Copy number Koha item type
  Dewey Decimal Classification   Added to bundle Fiction Central Library, University of Rajshahi Central Library, University of Rajshahi Reading Room 07/10/1969 Zetlinger 8.00   920.0669 EMI 1960 25/03/2014 C-1 Books